000
00284nam a22001097a 4500
082
_a
333
100
_a
Uoadhyay, Anubhav
_9
82108
245
_a
General Studies Preview Environment & Ecology
260
_a
Allahabad
_b
Sam_Samayik Ghatna Chakra
_c
2023
650
_a
Environment
942
_c
BK
999
_c
66453
_d
66453